[Event "Moscow op-B"]
[Site "Moscow"]
[Date "2009.11.20"]
[Round "1"]
[White "Sarkisian, Vagan"]
[Black "Simonian, Tigran"]
[Result "0-1"]
[WhiteElo "1931"]
[BlackElo "2207"]
[PlyCount "76"]
[EventDate "2009.01.31"]
[EventType "swiss"]
[EventRounds "9"]
[EventCountry "RUS"]
[SourceTitle "EXT 2012"]
[Source "ChessBase"]
[SourceDate "2011.11.24"]
[SourceVersion "1"]
[SourceVersionDate "2011.11.24"]
[SourceQuality "1"]

1. d4 Nf6 2. c4 e6 3. Nf3 d5 4. g3 Be7 5. Bg2 0-0 6. 0-0 dxc4 7. Ne5 Nc6 8. Nxc6 bxc6 9. Qa4 Rb8 10. Qxc4 Rb4 11. Qxc6 Bb7 12. Qc2 Bxg2 13. Kxg2 Rxd4 14. Be3 Rd7 15. Nc3 Ng4 16. Bf4 g5 17. Bc1 h6 18. Kg1 Bf6 19. Qa4 Bd4 20. e3 Bxc3 21. bxc3 Ne5 22. Ba3 Qa8 23. e4 Rfd8 24. Bc5 g4 25. Be3 Rd3 26. Rac1 Nf3+ 27. Kg2 h5 28. Bf4 c5 29. Rc2 Qb7 30. Rfc1 Rd1 31. Rxd1 Rxd1 32. Rc1 Rxc1 33. Bxc1 Qb1 34. Qd1 Qxe4 35. h4 Nxh4+ 36. Kf1 Qh1+ 37. Ke2 Qf3+ 38. Kd2 Qxf2+ 0-1

[Event "Moscow op-B"]
[Site "Moscow"]
[Date "2009.02.06"]
[Round "7"]
[White "Sarkisian, Vagan"]
[Black "Chinilov, Vladislav"]
[Result "0-1"]
[WhiteElo "1931"]
[BlackElo "1400"]
[PlyCount "86"]
[EventDate "2009.01.31"]
[EventType "swiss"]
[EventRounds "9"]
[EventCountry "RUS"]
[SourceTitle "EXT 2012"]
[Source "ChessBase"]
[SourceDate "2011.11.24"]
[SourceVersion "1"]
[SourceVersionDate "2011.11.24"]
[SourceQuality "1"]

1. d4 f5 2. c4 Nf6 3. Nc3 e6 4. g3 d5 5. Bg2 c6 6. Nf3 Bd6 7. c5 Bc7 8. 0-0 0-0 9. Bd2 Ne4 10. b4 Bd7 11. Ne1 Qf6 12. Nxe4 fxe4 13. Be3 e5 14. Nc2 Bg4 15. f3 exf3 16. exf3 Bf5 17. dxe5 Bxe5 18. Bd4 Bxc2 19. Bxe5 Qxe5 20. Qxc2 Qd4+ 21. Kh1 Nd7 22. Rab1 Ne5 23. Rfd1 Qc4 24. Qf2 Rae8 25. Rb3 Re7 26. Bf1 Qg4 27. Rd4 Rxf3 28. Rxg4 Rxf2 29. Rf4 Rxa2 30. b5 cxb5 31. Rxb5 Nc4 32. c6 Nb6 33. cxb7 Rxb7 34. Rb3 Rf7 35. Rbf3 Rxf4 36. Rxf4 a5 37. Bh3 Re2 38. Bg4 Re4 39. Rxe4 dxe4 40. Be6+ Kf8 41. Bf5 a4 42. Bxe4 a3 43. Bb1 Na4 0-1